Statistics for Name the band from the members' first names

Click here to take the quiz!

General Stats

  • This quiz has been taken 118 times
    (78 since last reset)
  • The average score is 13 of 18

Answer Stats

Band nameAnswer% Correct
Bill, Charlie, Keith, MickThe Rolling Stones
96%
George. John, Paul, RingoThe Beatles
96%
Brian, Freddie, John, RogerQueen
90%
Agnetha, Anna-Frid, Benny, BjornAbba
90%
Emma, Geri, Mel, Mel, VictoriaThe Spice Girls
84%
Christine, Lindsay, John, Mick, StevieFleetwood Mac
81%
Harry, Liam, Louis, NiallOne Direction
80%
Alan, Liam, Noel, Paul, PaulOasis
80%
Dave, Krist, KurtNirvana
79%
Barry, Maurice, RobinThe Bee Gees
76%
Beyonce, Kelly, MichelleDestiny's Child
70%
Allan, Fergie, Jaime, William,The Black Eyed Peas
69%
Angus, Brian, Cliff, Malcolm, PhilACDC
66%
James, Jason, Kirk, LarsMetallica
60%
Chris, Guy, Johnny, Phil, WIllColdplay
50%
David, Nick, Richard, RogerPink Floyd
47%
Brad, Joe, Joey, Steven, TomAerosmith
40%
Adam, David, Larry, PaulU2
34%

Score Distribution

Percentile by Number Answered

Percent of People with Each Score

Your Score History

You have not taken this quiz since the last reset